000 00483nam a2200157 a 4500
001 000041899
005 20201002035823.0
008 131021s2000 dr 000 0 spa d
040 _aDO-SdBNP
_bspa
_cBNPHU
082 _axxx
_bxxxx
100 1 _aPina Acevedo, Ramón
_919631
245 1 0 _aEn defensa de la imparcialidad electoral. /
_cRamón Pina Acevedo M.
260 _aSanto Domingo, :
_bITESA,
_c2000.
300 _a133 p. ;
_c21 cm.
710 2 _aInstituto Técnico Salesiano
_917768
999 _c41388
_d41388